02224 am a2200457 a 450000500170000000800410001702000150005804100080007309200170008124500970009825001160019526000390031130000170035065300330036765300500040065300520045065300720050265300750057465300320064965300140068165300190069565300190071465300180073370000330075170000350078470000510081993000090087093000090087993000090088893000090089793000090090693000090091594200120092499900110093695201400094795201360108795201330122395201370135695201370149395201360163020240610084103.0100311s2003||||mx d f |||| 001 0 spa d a9701038819 aspa c615l30sGOO aGoodman&Gilman. Las bases farmacológicas de la terapéutica. T.2. cJoel G. Hardman [ed.] a10a ed. en españolbTraducción José Rafael Blengio Pinto; Bernardo Rivera Muñoz y Guillermo Di Girolamo aMéxico : bMcGraw-Hill , c2003. a1073-2150 p. aQuimioterapia de parásitos aQuimioterapia de las enfermedades microbianas aQuimioterapia de las enfermedades neoplásicas aFármacos utilizados para inmunorregulación (inmunomodulación) aFármacos con acción en la sangre y los órganos hematopoyéticos aHormonas y sus antagonistas aVitaminas aDermatología aOftalmología aToxicología1 aLimbird, Lee E.eEditor98321 aHardman, Joel G.eEditor917241 aGoodman Gilman, Alfred.eEditor consultor9833 a1011 a1134 a1136 a1138 a1140 a1142 2ddccBK c84d84 00102ddc4051718REFaBFMbBFMcREFd2011-05-13l1o615 30 GOOp1011r2014-11-06s2013-05-21tej.4w2011-08-17yREFzBaja caja Nro 1 00102ddc405171aBFMbBFMcCRd2011-05-13l8m1o615 30 GOOp1134r2014-11-06s2013-11-15tej.5w2011-05-13yBKzBaja caja Nro 1 00102ddc405171aBFMbBFMcCRd2011-05-13l9o615 30 GOOp1136r2014-11-06s2012-12-13tej.6w2011-05-13yBKzBaja caja Nro 1 00102ddc405171aBFMbBFMcCRd2011-05-13l13m1o615 30 GOOp1138r2014-11-06s2013-07-05tej.7w2011-05-13yBKzBaja caja Nro 1 00102ddc405171aBFMbBFMcCRd2011-05-13l12m2o615 30 GOOp1140r2014-11-06s2013-09-19tej.8w2011-05-13yBKzBaja caja Nro 1 00102ddc405171aBFMbBFMcCRd2011-05-13l1m4o615 30 GOOp1142r2015-02-27s2011-08-18tej.9w2011-05-13yBKzBaja caja Nro 1